Los Impactos previsibles a las reformas al Código Municipal

Shranjeno v:
Bibliografske podrobnosti
Glavni avtor: Chacón, Luis Fernando
Format: Texto
Izdano: San José: UCR. FCS. IIS.
Teme:
Oznake: Označite
Brez oznak, prvi označite!

MARC

LEADER 00000 a a2200000 04500
001 18579
003
040
090 |a 143610  
100 |a Chacón, Luis Fernando  
245 |a Los Impactos previsibles a las reformas al Código Municipal  
260 |a San José:   |b UCR. FCS. IIS.  
300 |a 5 p  
650 |a PUB.IIS  
650 |a PROGRAMAS GUBERNAMENTALES  
650 |a DELEGACION DE LA TOMA DE DECISIONES  
650 |a DESARROLLO REGIONAL  
650 |a DESARROLLO LOCAL  
650 |a PLANO LOCAL  
650 |a GOBIERNO LOCAL  
999 |c 11161  |d 11161